Digital signal processing (Record no. 5532)

MARC details
000 -LEADER
fixed length control field 00464nam a2200169Ia 4500
003 - CONTROL NUMBER IDENTIFIER
control field SGT
020 ## - INTERNATIONAL STANDARD BOOK NUMBER
International Standard Book Number 9780070153868
082 ## - DEWEY DECIMAL CLASSIFICATION NUMBER
Classification number 620.3815
Item number HAY
100 ## - MAIN ENTRY--PERSONAL NAME
Personal name Hayes,Monson H
245 ## - TITLE STATEMENT
Title Digital signal processing
250 ## - EDITION STATEMENT
Edition statement 2nd Ed.
260 ## - PUBLICATION, DISTRIBUTION, ETC. (IMPRINT)
Name of publisher, distributor, etc Tata McGraw Hill Education Private Limited
Place of publication, distribution, etc New Delhi
Year of Publication 2012
300 ## - PAGE DESCRIPTION
No. of Pages V.P.p.
650 ## - SUBJECT ADDED ENTRY--TOPICAL TERM
Topical term or geographic name as entry element ELECTRONICS ENGINEERING
653 ## - KEYWORDS--INDEX TERM
Keyword term SAMPLING, THE Z- TRANSFORM, TRANSFORM ANALYSIS OF SYSTEMS
942 ## - ADDED ENTRY ELEMENTS (KOHA)
Source of classification or shelving scheme Dewey Decimal Classification
Koha item type Books
Holdings
Withdrawn status Lost status Source of classification or shelving scheme Damaged status Not for loan Home library Current library Date acquired SGTU Total Checkouts Full call number Accession No. (Barcode) Date last seen Bill Date Koha item type Use restrictions Collection code Shelving location
    Dewey Decimal Classification     SGT Engineering Library SGT Engineering Library 30/05/2013 SGTU   620.3815 HAY FE5762 09/02/2015 09/02/2015 Books      
    Dewey Decimal Classification   Not For Loan SGT Engineering Library SGT Engineering Library 30/05/2013 SGTU   620.3815 HAY FE5763 09/02/2015 09/02/2015 Books Restricted Access ENGINEERING Reference Book
    Dewey Decimal Classification     SGT Engineering Library SGT Engineering Library 31/05/2013 SGTU   620.3815 HAY FE5997 09/02/2015 09/02/2015 Books      
    Dewey Decimal Classification     SGT Engineering Library SGT Engineering Library 31/05/2013 SGTU   620.3815 HAY FE5998 09/02/2015 09/02/2015 Books      
    Dewey Decimal Classification     SGT Engineering Library SGT Engineering Library 31/05/2013 SGTU   620.3815 HAY FE5999 09/02/2015 09/02/2015 Books